| 000 | 00456nam a2200169 i 4500 | ||
|---|---|---|---|
| 001 | 50360 | ||
| 003 | ES-MaACL | ||
| 005 | 20230906162151.0 | ||
| 007 | t| | ||
| 008 | 030804s1969 sp ||||1| cat d | ||
| 100 | 1 |
_aCruells, Manuel. _941767 |
|
| 245 | 1 | 3 |
_aEl regionalisme en el món modern / _cManuela Cruells. |
| 250 | _a[1ª ed.]. | ||
| 260 |
_a[Barcelona : _bPáortic, _c1969] |
||
| 300 |
_a126 p. ; _c18 cm. |
||
| 852 |
_aES-MaACL _jC-52238 _bR.71995 |
||
| 999 |
_c50360 _d50360 |
||